00618nam a2200193 a 4500008004100000020002200041100002100063245008700084260006200171300002500233500002000258650004200278650003800320700002200358700001700380003000100397005001700398040000900415  a0952303612 (pbk.)1 aMacEvoy, Brendan10aInternational trade practice:b a practical guide to exporting /cBrendan, MacEvoy aDublin :bInstitute of International Trade of Ireland,c? axii.145 p. ;c21 cm. aIncludes index. 0aTariffxLaw and legislationzIreland. 0aForeign trade regulationzIreland1 aMacDonnell, Colum aLyons, Peter20230123133934.0 cNUST